| 000 -LEADER |
| fixed length control field |
01481nam a22001577a 4500 |
| 008 - FIXED-LENGTH DATA ELEMENTS--GENERAL INFORMATION |
| fixed length control field |
210724b ||||| |||| 00| 0 eng d |
| 100 ## - MAIN ENTRY--PERSONAL NAME |
| Personal name |
Bowman, Ann O’M. and McKenzie, James H. |
| 245 ## - TITLE STATEMENT |
| Title |
Managing a pandemic at a less than global scale: Governors take the lead |
| 260 ## - PUBLICATION, DISTRIBUTION, ETC. (IMPRINT) |
| Place of publication, distribution, etc |
American Review of Public Administration |
| 300 ## - PHYSICAL DESCRIPTION |
| Extent |
50(6-7), Aug-Oct, 2020: p.551-559 |
| 520 ## - SUMMARY, ETC. |
| Summary, etc |
This article explores the roles played by state governments, and particularly governors, in dealing with an extremely disruptive event—the coronavirus global pandemic. The inquiry focuses on March and April 2020, a period characterized by significant public health challenges and severe economic stress. The coronavirus pandemic did not affect states at the same time or with the same intensity and as a consequence, governors varied somewhat in terms of when they acted and which policies they adopted. As shown in the article, gubernatorial interactions with other states were at times cooperative, in other instances they were competitive. Two states—Texas and Pennsylvania—are singled out for an examination of within-state dynamics. The article ends with brief reflections on the lessons of the coronavirus for public sector management in a federal system of government. - Reproduced
|
| 650 ## - SUBJECT ADDED ENTRY--TOPICAL TERM |
| Topical term or geographic name as entry element |
Pandemic, Federalism, States, Governors, Policy adoption |
| 9 (RLIN) |
25689 |
| 773 ## - HOST ITEM ENTRY |
| Main entry heading |
American Review of Public Administration |
| 906 ## - LOCAL DATA ELEMENT F, LDF (RLIN) |
| Subject DIP |
COVID 19 PANDEMIC |
| 942 ## - ADDED ENTRY ELEMENTS (KOHA) |
| Item type |
Articles |